000 00549nam a2200193Ia 4500
005 20250326124515.0
008 250326s9999 xx 000 0 und d
037 _aTextbook
040 _aFMSL
_beng
_cFMSL
041 _aeng
_2eng
084 _aX;8 L0;3
_qFMSL
100 _aMorrisey G L
_9737508
245 0 _aManagement by objectives and results for business and industry
_cMorrisey G L
250 _a2
260 _aLondon
_bLondon, Addison-Wesley
_c1970
300 _a252p
942 _cTB
_hX;8 L0;3
999 _c1273989
_d1273989